Statistics for The Top 10 Most Expensive Movies (Films) Ever Made UNADJUSTED for Inflation

Click here to take the quiz!

General Stats

  • This quiz has been taken 2,817 times
    (2,814 since last reset)
  • The average score is 2 of 10

Answer Stats

Hint Answer % Correct
6)2009Avatar ($237m)
98%
3)2007Spider-man 3 ($258m)
10%
4)2012John Carter ($250m)
10%
10)2006Superman Returns ($209m)
7%
1)2007Pirates of the Caribbean: At World's End ($300m)
7%
7)2006Pirates of the Caribbean: Dead Man's Chest ($225m)
6%
2)2010Tangled ($260m)
6%
4)2009Harry Potter and the Half-Blood Prince ($250m)
5%
7)2008The Chronicles of Narnia: Prince Caspian ($225m)
1%
9)2006X-Men: The Last Stand ($210m)
1%

Score Distribution

Percentile by Number Answered

Percent of People with Each Score

Your Score History

You have not taken this quiz since the last reset